Statistics for Teen Wolf: Are you a true fan ?

Click here to take the quiz!

General Stats

  • This quiz has been taken 3,386 times
  • The average score is 18 of 22

Answer Stats

HintAnswer% Correct
The Main CharacerScott McCall
100%
The Best FriendStiles Stilinski
99%
The Girl Who ScreamsLydia Martin
98%
The HuntressAllison Argent
96%
Who killed the Darach ?Peter
96%
The creepy hot unclePeter Hale
96%
The Thunder KitsuneKira Yukimura
96%
The Best Friend's GirlfriendMalia Tate
95%
The Colour of the best friend's JeepBlue
95%
The Evolved WerewolfDerek Hale
94%
The town they all live inBeacon Hills
93%
The Main Character's First BetaLiam Dunbar
93%
Cause of death of members of the Hale FamilyA fire
90%
The cute deputyJordan Parrish
86%
Where did Scott, Allison, Jackson and Lydia go on their double date ?Bowling
82%
Where did the Pack go to find Derek in season 4 ?Mexico
79%
In the end of Season 3 Derek thinks he had a dream. Which character came back from the dead in that dream ?Kate Argent
76%
Who was the Darach ?Jennifer
70%
What is the name of the famous tree?The Nemeton
61%
With what object did Stiles save his Dad, Melissa, Chris, Allison and Isaac in the tree ?An aluminium bat
60%
I'm gonna rip you throat out...with my teeth
44%
I'm 147 pounds of pale skin and fragile bones...sarcasm is my only defense
43%

Score Distribution

Percentile by Number Answered

Percent of People with Each Score

Your Score History

You have not taken this quiz